=LDR 00000nam 2200000 4500 =001 INLIS000000000810431 =005 20251209010924 =035 ##$$a 0010-1225000069 =007 ta =008 251209###########################0###### =020 ##$$a 9789791093248 =082 ##$$a 297.14 =084 ##$$a 297.14 BUG f =245 ##$$a Fikih Islam Lengkap Penjelasan Hukum Hukum Islam Madzhab Syafi’i /$c DR. Musthafa Dib Al-Bugha =250 ##$$a Cet. 1 =260 ##$$a Solo :$b Media Dzikir,$c 2010 =300 ##$$a xii, 578 halaman ; $c 15,5 cm x 24 cm